|
|
|
|
| LEADER |
01801nam a2200409 a 4500 |
| 001 |
EBC415614 |
| 003 |
MiAaPQ |
| 005 |
20200520144314.0 |
| 006 |
m o d | |
| 007 |
cr cn||||||||| |
| 008 |
070209s2007 enk sb 001 0 eng |
| 010 |
|
|
|z 2007006181
|
| 015 |
|
|
|a GBA708018
|2 bnb
|
| 016 |
7 |
|
|z 013655498
|2 Uk
|
| 020 |
|
|
|z 9780199253944 (alk. paper)
|
| 020 |
|
|
|z 0199253943 (alk. paper)
|
| 035 |
|
|
|a (MiAaPQ)EBC415614
|
| 035 |
|
|
|a (Au-PeEL)EBL415614
|
| 035 |
|
|
|a (CaPaEBR)ebr10271592
|
| 035 |
|
|
|a (CaONFJC)MIL116410
|
| 035 |
|
|
|a (OCoLC)476243686
|
| 040 |
|
|
|a MiAaPQ
|c MiAaPQ
|d MiAaPQ
|
| 050 |
|
4 |
|a HB615
|b .P69 2007
|
| 082 |
0 |
4 |
|a 338.5
|2 22
|
| 100 |
1 |
|
|a Power, Michael.
|
| 245 |
1 |
0 |
|a Organized uncertainty
|h [electronic resource] :
|b designing a world of risk management /
|c Michael Power.
|
| 260 |
|
|
|a Oxford ;
|a New York :
|b Oxford University Press,
|c 2007.
|
| 300 |
|
|
|a xviii, 248 p.
|
| 504 |
|
|
|a Incudes bibliographical references (p. [204]-232) and index.
|
| 505 |
0 |
|
|a Organized uncertainty : an introduction -- Turning organizations inside out : the rise of internal control -- Standardizing risk management : making up processes and people -- Putting categories to work : the invention of operational risk -- Governing reputations : the outside comes in -- Making risk auditable : legalization and organization -- Designing a world of risk management.
|
| 533 |
|
|
|a Electronic reproduction. Ann Arbor, MI : ProQuest, 2015. Available via World Wide Web. Access may be limited to ProQuest affiliated libraries.
|
| 650 |
|
0 |
|a Uncertainty.
|
| 650 |
|
0 |
|a Risk management.
|
| 650 |
|
0 |
|a Economics.
|
| 655 |
|
4 |
|a Electronic books.
|
| 710 |
2 |
|
|a ProQuest (Firm)
|
| 856 |
4 |
0 |
|u https://ebookcentral.proquest.com/lib/matrademy/detail.action?docID=415614
|z Click to View
|